Order in which the Infinity Stones are found in Infinity War (SPOILERS) - Statistics

General Stats
  • This quiz has been taken 351 times
  • The average score is 5 of 6
Answer Stats
Hint Who Possesses the Stone Answer % Correct
1st Nova Prime Power Stone
91%
2nd Loki Space Stone
88%
5th Doctor Strange Time Stone
84%
4th Red Skull Soul Stone
82%
3rd The Collector Reality Stone
81%
6th Vision MInd Stone
80%
No matching quizzes found
Score Distribution
Percent of People with Each Score
Percentile by Number Answered
Your Score History
You have not taken this quiz